| 000 | 00518nam a22001697a 4500 | ||
|---|---|---|---|
| 008 | 150630b xxu||||| |||| 00| 0 alb d | ||
| 020 | _a9789928405180 | ||
| 041 | 0 | _aalb | |
| 080 | _a655 | ||
| 245 |
_aRaportimi dhe shkrimi i lajmeve / _cBrian S. Brooks; Geroge Kennedy; Daryl R. Moen; |
||
| 260 |
_aTiranë : _bBotimet IDK; _c2005. |
||
| 300 |
_a453 f.: _bme il.; _c24 cm. |
||
| 500 | _aParathënie për instruktorët: f.3-4 | ||
| 500 | _aParathënie për studentët: f. 5-6 | ||
| 650 | 0 | _aMasmedia | |
| 942 |
_2udc _cBK |
||
| 999 |
_c1077 _d1077 |
||